[Event "IMP Kobiet do lat 20"]
[Site "Chotowa"]
[Date "2023.10.31"]
[Round "2.9"]
[White "Michalska, Lena"]
[Black "Smietanska, Wiktoria"]
[Result "0-1"]
[BlackElo "2071"]
[WhiteElo "1636"]
[LiveChessVersion "1.4.8"]

1. d4 {[%clk 1:30:59]} Nf6 {[%clk 1:30:53]} 2. c4 {[%clk 1:31:24]} e6
{[%clk 1:31:13]} 3. Nc3 {[%clk 1:31:49]} Bb4 {[%clk 1:31:35]} 4. Nf3
{[%clk 1:31:57]} O-O {[%clk 1:31:34]} 5. g3 {[%clk 1:28:36]} d5 {[%clk 1:29:17]}
6. cxd5 {[%clk 1:25:52]} exd5 {[%clk 1:28:54]} 7. Bg2 {[%clk 1:26:11]} c6
{[%clk 1:26:21]} 8. O-O {[%clk 1:26:14]} Bd6 {[%clk 1:23:15]} 9. Qd3
{[%clk 1:17:05]} Re8 {[%clk 1:18:30]} 10. Bg5 {[%clk 1:16:59]} h6
{[%clk 1:16:03]} 11. Bxf6 {[%clk 1:17:14]} Qxf6 {[%clk 1:16:24]} 12. e4
{[%clk 1:08:07]} dxe4 {[%clk 1:06:40]} 13. Nxe4 {[%clk 1:08:29]} Qd8
{[%clk 1:03:39]} 14. Nxd6 {[%clk 1:04:41]} Qxd6 {[%clk 1:04:02]} 15. Rfd1
{[%clk 1:01:36]} Be6 {[%clk 1:02:39]} 16. Ne5 {[%clk 0:57:17]} Nd7
{[%clk 0:58:10]} 17. Nxd7 {[%clk 0:46:22]} Qxd7 {[%clk 0:57:11]} 18. Rd2
{[%clk 0:46:44]} Rad8 {[%clk 0:52:10]} 19. b3 {[%clk 0:37:38]} Bd5
{[%clk 0:44:13]} 20. Rad1 {[%clk 0:36:51]} Qd6 {[%clk 0:33:09]} 21. Qc3
{[%clk 0:33:29]} Bxg2 {[%clk 0:23:42]} 22. Kxg2 {[%clk 0:33:47]} Qd5+
{[%clk 0:24:00]} 23. Qf3 {[%clk 0:28:06]} Re4 {[%clk 0:20:27]} 24. Rd3
{[%clk 0:24:47]} f5 {[%clk 0:15:45]} 25. Re3 {[%clk 0:14:27]} Rde8
{[%clk 0:12:53]} 26. Red3 {[%clk 0:06:48]} g5 {[%clk 0:08:29]} 27. R3d2
{[%clk 0:00:43]} g4 {[%clk 0:08:12]} 28. Qd3 {[%clk 0:00:38]} Re3+
{[%clk 0:08:11]} 29. Kg1 {[%clk 0:00:31]} Rxd3 {[%clk 0:08:25]} 30. Rxd3
{[%clk 0:00:55]} Re2 {[%clk 0:08:39]} 31. R3d2 {[%clk 0:00:38]} Qf3
{[%clk 0:08:53]} 32. Rxe2 {[%clk 0:00:58]} Qxe2 {[%clk 0:09:18]} 33. Rc1
{[%clk 0:00:42]} h5 {[%clk 0:08:47]} 34. d5 {[%clk 0:00:57]} Qd2 {[%clk 0:09:07]}
35. Rc5 {[%clk 0:00:48]} Qd4 {[%clk 0:09:27]} 36. Ra5 {[%clk 0:00:31]} cxd5
{[%clk 0:09:49]} 37. Ra4 {[%clk 0:00:57]} Qd1+ {[%clk 0:10:07]} 38. Kg2
{[%clk 0:01:22]} d4 {[%clk 0:10:11]} 39. Rxa7 {[%clk 0:01:45]} d3
{[%clk 0:10:35]} 40. Rxb7 {[%clk 0:32:01]} Qf3+ {[%clk 0:40:59]} 41. Kg1
{[%clk 0:32:25]} Qxb7 {[%clk 0:41:23]} 0-1

[Event "IMP Kobiet do lat 20"]
[Site "Chotowa"]
[Date "2023.10.31"]
[Round "2.10"]
[White "Zgoda, Aleksandra"]
[Black "Sprzeczka, Emilia"]
[Result "0-1"]
[BlackElo "1865"]
[WhiteElo "1536"]
[LiveChessVersion "1.4.8"]

1. d4 {[%clk 1:30:56]} Nf6 {[%clk 1:30:54]} 2. Bf4 {[%clk 1:31:07]} d5
{[%clk 1:31:15]} 3. e3 {[%clk 1:31:18]} c5 {[%clk 1:31:25]} 4. c3
{[%clk 1:29:38]} Nc6 {[%clk 1:31:23]} 5. Nf3 {[%clk 1:29:20]} Qb6
{[%clk 1:31:25]} 6. Qc1 {[%clk 1:28:54]} Nh5 {[%clk 1:24:51]} 7. Bg3
{[%clk 1:26:58]} Nxg3 {[%clk 1:24:46]} 8. hxg3 {[%clk 1:26:54]} g6
{[%clk 1:23:45]} 9. Bd3 {[%clk 1:25:28]} Bg7 {[%clk 1:22:44]} 10. Nbd2
{[%clk 1:21:48]} O-O {[%clk 1:18:25]} 11. Ng5 {[%clk 1:02:00]} h6
{[%clk 1:16:52]} 12. Nh3 {[%clk 0:58:47]} e5 {[%clk 1:14:57]} 13. dxe5
{[%clk 0:52:37]} Nxe5 {[%clk 1:14:16]} 14. Bc2 {[%clk 0:49:05]} d4
{[%clk 1:12:11]} 15. exd4 {[%clk 0:45:31]} cxd4 {[%clk 1:12:24]} 16. cxd4
{[%clk 0:44:14]} Qxd4 {[%clk 1:12:37]} 17. O-O {[%clk 0:39:49]} Bxh3
{[%clk 1:12:49]} 18. gxh3 {[%clk 0:39:08]} Qxd2 {[%clk 1:12:59]} 19. Qxd2
{[%clk 0:39:05]} Nf3+ {[%clk 1:13:22]} 20. Kg2 {[%clk 0:39:27]} Nxd2
{[%clk 1:13:47]} 21. Rfe1 {[%clk 0:38:49]} Rfe8 {[%clk 1:12:57]} 22. Rxe8+
{[%clk 0:38:31]} Rxe8 {[%clk 1:13:21]} 23. Rd1 {[%clk 0:38:55]} Ne4
{[%clk 1:11:38]} 24. Rd7 {[%clk 0:37:34]} Nc5 {[%clk 1:11:22]} 25. Rc7
{[%clk 0:35:51]} Bd4 {[%clk 1:08:59]} 26. b4 {[%clk 0:34:14]} Re2
{[%clk 1:08:35]} 27. Bxg6 {[%clk 0:32:18]} fxg6 {[%clk 1:08:30]} 28. bxc5
{[%clk 0:32:41]} Rxf2+ {[%clk 1:08:53]} 29. Kh1 {[%clk 0:33:01]} Rxa2
{[%clk 1:09:07]} 30. Rxb7 {[%clk 0:32:32]} Bxc5 {[%clk 1:09:31]} 31. Rc7
{[%clk 0:32:15]} Bf8 {[%clk 1:09:36]} 32. g4 {[%clk 0:31:25]} a5 {[%clk 1:09:55]}
33. Ra7 {[%clk 0:31:18]} a4 {[%clk 1:10:14]} 34. Ra6 {[%clk 0:31:40]} Kf7
{[%clk 1:10:37]} 35. Kg1 {[%clk 0:31:57]} a3 {[%clk 1:11:01]} 36. h4
{[%clk 0:31:56]} Rb2 {[%clk 1:11:23]} 37. g5 {[%clk 0:31:43]} hxg5
{[%clk 1:11:41]} 38. hxg5 {[%clk 0:32:05]} a2 {[%clk 1:12:06]} 0-1

[Event "IMP Kobiet do lat 20"]
[Site "Chotowa"]
[Date "2023.10.31"]
[Round "2.11"]
[White "Woytitzki, Maja"]
[Black "Slusarczyk, Anna"]
[Result "0-1"]
[BlackElo "1730"]
[WhiteElo "1295"]
[LiveChessVersion "1.4.8"]

1. d4 {[%clk 1:30:58]} Nf6 {[%clk 1:30:54]} 2. c4 {[%clk 1:31:23]} e6
{[%clk 1:31:18]} 3. Nc3 {[%clk 1:31:49]} Bb4 {[%clk 1:31:27]} 4. a3
{[%clk 1:32:12]} Bxc3+ {[%clk 1:31:29]} 5. bxc3 {[%clk 1:32:30]} b6
{[%clk 1:30:49]} 6. e3 {[%clk 1:32:54]} Bb7 {[%clk 1:30:52]} 7. f3
{[%clk 1:33:14]} O-O {[%clk 1:29:09]} 8. Bd3 {[%clk 1:33:30]} d5 {[%clk 1:29:08]}
9. cxd5 {[%clk 1:33:54]} exd5 {[%clk 1:28:42]} 10. Ne2 {[%clk 1:34:18]} c5
{[%clk 1:24:37]} 11. O-O {[%clk 1:34:06]} Na6 {[%clk 1:23:22]} 12. Ng3
{[%clk 1:34:23]} Nc7 {[%clk 1:22:32]} 13. Ra2 {[%clk 1:32:00]} Ne6
{[%clk 1:16:34]} 14. Raf2 {[%clk 1:28:19]} Rc8 {[%clk 1:08:05]} 15. Bb2
{[%clk 1:28:17]} Re8 {[%clk 1:07:53]} 16. f4 {[%clk 1:25:18]} Ne4
{[%clk 1:07:21]} 17. Nxe4 {[%clk 1:25:29]} dxe4 {[%clk 1:07:43]} 18. Bb5
{[%clk 1:25:23]} Rf8 {[%clk 1:05:43]} 19. f5 {[%clk 1:25:12]} Nc7
{[%clk 1:05:36]} 20. Bc4 {[%clk 1:25:12]} Bd5 {[%clk 1:04:14]} 21. Bxd5
{[%clk 1:23:42]} Nxd5 {[%clk 1:04:34]} 22. Qe2 {[%clk 1:23:12]} cxd4
{[%clk 1:03:22]} 23. cxd4 {[%clk 1:23:26]} Qg5 {[%clk 1:03:27]} 24. f6
{[%clk 1:22:33]} g6 {[%clk 1:00:42]} 25. Bc1 {[%clk 1:20:34]} Rc3
{[%clk 0:57:12]} 26. a4 {[%clk 1:13:41]} Rfc8 {[%clk 0:54:48]} 27. Bd2
{[%clk 1:13:57]} Rd3 {[%clk 0:54:56]} 28. Rf4 {[%clk 1:11:30]} Nxf4
{[%clk 0:54:14]} 29. Rxf4 {[%clk 1:11:54]} Qd5 {[%clk 0:49:28]} 30. Qg4
{[%clk 1:11:37]} Re8 {[%clk 0:49:30]} 31. Qh4 {[%clk 1:07:53]} Qh5
{[%clk 0:47:35]} 32. Qe1 {[%clk 1:05:15]} g5 {[%clk 0:46:45]} 33. Rf5
{[%clk 0:59:50]} Qg4 {[%clk 0:41:46]} 34. Rd5 {[%clk 0:58:44]} h6
{[%clk 0:41:54]} 35. h3 {[%clk 0:57:51]} Qc8 {[%clk 0:41:52]} 36. Qg3
{[%clk 0:56:39]} Re6 {[%clk 0:37:10]} 37. Rxg5+ {[%clk 0:55:52]} hxg5
{[%clk 0:37:26]} 38. Qxg5+ {[%clk 0:55:32]} Kf8 {[%clk 0:37:50]} 39. Bb4+
{[%clk 0:55:33]} Ke8 {[%clk 0:37:32]} 40. Qg8+ {[%clk 1:25:19]} Kd7
{[%clk 1:07:59]} 41. Qxf7+ {[%clk 1:25:03]} Kc6 {[%clk 1:08:13]} 42. Kf2
{[%clk 1:24:39]} Qd7 {[%clk 1:07:42]} 43. Be7 {[%clk 1:23:48]} Rd2+
{[%clk 0:59:45]} 44. Kf1 {[%clk 1:23:44]} Qd5 {[%clk 0:57:20]} 45. Qg6
{[%clk 1:21:03]} Kd7 {[%clk 0:52:12]} 46. Kg1 {[%clk 1:17:36]} Rd1+
{[%clk 0:47:31]} 47. Kh2 {[%clk 1:17:32]} Qc6 {[%clk 0:46:12]} 48. Qg4
{[%clk 1:16:45]} Qc7+ {[%clk 0:46:38]} 49. Qg3 {[%clk 1:17:07]} Rh1+
{[%clk 0:47:02]} 50. Kxh1 {[%clk 1:17:17]} Qxg3 {[%clk 0:47:27]} 51. d5
{[%clk 1:17:30]} Re5 {[%clk 0:47:42]} 52. h4 {[%clk 1:17:31]} Rxd5
{[%clk 0:48:07]} 0-1

[Event "IMP Kobiet do lat 20"]
[Site "Chotowa"]
[Date "2023.10.31"]
[Round "2.12"]
[White "Woytitzki, Sophie"]
[Black "Szopa, Emilia"]
[Result "1-0"]
[BlackElo "1706"]
[WhiteElo "1259"]
[LiveChessVersion "1.4.8"]

1. e4 {[%clk 1:30:56]} c5 {[%clk 1:30:34]} 2. Nf3 {[%clk 1:31:19]} Nc6
{[%clk 1:30:45]} 3. d4 {[%clk 1:31:41]} cxd4 {[%clk 1:30:47]} 4. Nxd4
{[%clk 1:32:02]} e5 {[%clk 1:30:39]} 5. Nb5 {[%clk 1:31:32]} d6 {[%clk 1:30:36]}
6. N1c3 {[%clk 1:29:47]} a6 {[%clk 1:30:10]} 7. Na3 {[%clk 1:28:14]} Be6
{[%clk 1:29:42]} 8. Be3 {[%clk 1:26:56]} b5 {[%clk 1:23:38]} 9. Nd5
{[%clk 1:24:17]} Bxd5 {[%clk 1:21:19]} 10. exd5 {[%clk 1:23:49]} Nce7
{[%clk 1:17:17]} 11. Nxb5 {[%clk 1:15:38]} Rb8 {[%clk 1:17:02]} 12. Nc3
{[%clk 1:14:58]} Rxb2 {[%clk 1:15:03]} 13. Qc1 {[%clk 1:11:04]} Rb8
{[%clk 1:12:17]} 14. Qa3 {[%clk 1:08:06]} Nf6 {[%clk 1:10:44]} 15. Qxa6
{[%clk 1:07:20]} Nf5 {[%clk 1:04:30]} 16. Bb5+ {[%clk 1:02:37]} Nd7
{[%clk 1:04:43]} 17. Qa7 {[%clk 1:01:22]} Rc8 {[%clk 1:04:29]} 18. Bb6
{[%clk 0:59:59]} Ra8 {[%clk 0:57:37]} 19. Bxd7+ {[%clk 0:59:57]} Qxd7
{[%clk 0:58:00]} 20. Qxa8+ {[%clk 1:00:20]} Ke7 {[%clk 0:58:23]} 21. Rb1
{[%clk 1:00:11]} Kf6 {[%clk 0:57:30]} 22. h4 {[%clk 0:59:28]} h5 {[%clk 0:57:38]}
23. a4 {[%clk 0:59:30]} g6 {[%clk 0:57:48]} 24. Qc6 {[%clk 0:59:46]} 1-0

[Event "IMP Kobiet do lat 20"]
[Site "Chotowa"]
[Date "2023.10.31"]
[Round "3.1"]
[White "Zabrzanska, Weronika"]
[Black "Goraj, Barbara"]
[Result "1/2-1/2"]
[BlackElo "2135"]
[WhiteElo "1915"]
[LiveChessVersion "1.4.8"]

1. e4 {[%clk 1:30:58]} c6 {[%clk 1:30:52]} 2. Nf3 {[%clk 1:31:16]} d5
{[%clk 1:30:29]} 3. Nc3 {[%clk 1:31:34]} Bg4 {[%clk 1:30:48]} 4. Be2
{[%clk 1:31:58]} e6 {[%clk 1:31:00]} 5. d4 {[%clk 1:31:52]} Nf6 {[%clk 1:31:17]}
6. e5 {[%clk 1:32:04]} Nfd7 {[%clk 1:31:31]} 7. Ng5 {[%clk 1:29:14]} Bf5
{[%clk 1:31:38]} 8. Bg4 {[%clk 1:27:53]} Bxg4 {[%clk 1:17:32]} 9. Qxg4
{[%clk 1:28:09]} h6 {[%clk 1:16:24]} 10. Nxe6 {[%clk 1:18:36]} fxe6
{[%clk 1:13:38]} 11. Qh5+ {[%clk 1:18:09]} g6 {[%clk 1:05:13]} 12. Qxg6+
{[%clk 1:17:41]} Ke7 {[%clk 1:05:38]} 13. Bg5+ {[%clk 1:14:26]} hxg5
{[%clk 1:05:55]} 14. Qxg5+ {[%clk 1:14:46]} Ke8 {[%clk 1:06:15]} 15. Qg6+
{[%clk 1:15:08]} Ke7 {[%clk 1:06:39]} 16. Qg5+ {[%clk 1:15:28]} Ke8
{[%clk 1:07:03]} 17. Qg6+ {[%clk 1:15:46]} Ke7 {[%clk 1:07:28]} 18. Qg5+
{[%clk 1:16:08]} Ke8 {[%clk 1:07:53]} 1/2-1/2

[Event "IMP Kobiet do lat 20"]
[Site "Chotowa"]
[Date "2023.10.31"]
[Round "3.2"]
[White "Kudlak, Julia"]
[Black "Starosta, Martyna"]
[Result "0-1"]
[BlackElo "2180"]
[WhiteElo "1892"]
[LiveChessVersion "1.4.8"]

1. e4 {[%clk 1:30:54]} c6 {[%clk 1:30:57]} 2. d4 {[%clk 1:29:49]} d5
{[%clk 1:31:22]} 3. exd5 {[%clk 1:29:48]} cxd5 {[%clk 1:31:47]} 4. c4
{[%clk 1:29:01]} Nf6 {[%clk 1:32:12]} 5. Nc3 {[%clk 1:27:52]} Nc6
{[%clk 1:32:35]} 6. Bg5 {[%clk 1:25:19]} Ne4 {[%clk 1:30:52]} 7. Bf4
{[%clk 1:16:32]} Nxc3 {[%clk 1:20:12]} 8. bxc3 {[%clk 1:16:46]} e6
{[%clk 1:15:47]} 9. Nf3 {[%clk 1:10:35]} b6 {[%clk 1:10:30]} 10. Qa4
{[%clk 1:02:07]} Bd7 {[%clk 1:10:07]} 11. cxd5 {[%clk 1:01:47]} exd5
{[%clk 0:54:57]} 12. Bb5 {[%clk 0:54:58]} Rc8 {[%clk 0:51:52]} 13. O-O
{[%clk 0:51:49]} Be7 {[%clk 0:50:43]} 14. c4 {[%clk 0:42:30]} a6 {[%clk 0:45:15]}
15. Bxa6 {[%clk 0:28:41]} Ra8 {[%clk 0:43:25]} 16. Qb3 {[%clk 0:27:21]} Rxa6
{[%clk 0:42:19]} 17. cxd5 {[%clk 0:27:42]} Na5 {[%clk 0:38:53]} 18. Qd3
{[%clk 0:26:46]} Ra7 {[%clk 0:37:57]} 19. d6 {[%clk 0:25:56]} Bf6
{[%clk 0:38:17]} 20. Rae1+ {[%clk 0:25:47]} Kf8 {[%clk 0:38:36]} 21. Re3
{[%clk 0:21:57]} h6 {[%clk 0:34:18]} 22. Rfe1 {[%clk 0:20:06]} g6
{[%clk 0:33:21]} 23. Re7 {[%clk 0:15:37]} Nc6 {[%clk 0:30:01]} 24. Ne5
{[%clk 0:10:14]} Bxe7 {[%clk 0:15:00]} 25. Nxg6+ {[%clk 0:04:27]} fxg6
{[%clk 0:15:20]} 26. Qxg6 {[%clk 0:04:41]} Bg5 {[%clk 0:14:54]} 27. Be5
{[%clk 0:03:35]} Nxe5 {[%clk 0:14:10]} 28. dxe5 {[%clk 0:02:58]} Qe8
{[%clk 0:13:41]} 29. Qe4 {[%clk 0:02:39]} Ra4 {[%clk 0:13:41]} 30. Qc2
{[%clk 0:01:45]} Qe6 {[%clk 0:13:23]} 31. g3 {[%clk 0:01:34]} Rxa2
{[%clk 0:12:34]} 32. Qc7 {[%clk 0:01:12]} Kg7 {[%clk 0:12:26]} 33. Rf1
{[%clk 0:00:54]} Rc8 {[%clk 0:11:37]} 34. Qxb6 {[%clk 0:01:19]} Rc1
{[%clk 0:11:15]} 35. Rxc1 {[%clk 0:00:51]} Bxc1 {[%clk 0:11:40]} 0-1

[Event "IMP Kobiet do lat 20"]
[Site "Chotowa"]
[Date "2023.10.31"]
[Round "3.3"]
[White "Szczotka, Klara"]
[Black "Matskevich, Varvara"]
[Result "0-1"]
[BlackElo "1722"]
[WhiteElo "2020"]
[LiveChessVersion "1.4.8"]

1. d4 {[%clk 1:29:03]} f5 {[%clk 1:30:29]} 2. Bg5 {[%clk 1:29:17]} h6
{[%clk 1:30:09]} 3. Bh4 {[%clk 1:29:36]} g5 {[%clk 1:29:52]} 4. Bg3
{[%clk 1:29:45]} Nf6 {[%clk 1:28:33]} 5. e3 {[%clk 1:29:47]} d6 {[%clk 1:25:45]}
6. Nc3 {[%clk 1:25:46]} Bg7 {[%clk 1:23:31]} 7. h4 {[%clk 1:23:35]} g4
{[%clk 1:22:37]} 8. Bd3 {[%clk 1:21:37]} Nh5 {[%clk 1:20:20]} 9. Nge2
{[%clk 1:18:54]} O-O {[%clk 1:15:18]} 10. Qd2 {[%clk 1:16:28]} e5
{[%clk 1:11:55]} 11. dxe5 {[%clk 1:13:41]} dxe5 {[%clk 1:09:50]} 12. Bc4+
{[%clk 1:10:23]} Kh7 {[%clk 1:08:25]} 13. Qxd8 {[%clk 1:05:36]} Rxd8
{[%clk 1:08:43]} 14. Bf7 {[%clk 1:05:33]} Nxg3 {[%clk 1:07:12]} 15. Nxg3
{[%clk 1:03:24]} e4 {[%clk 1:04:17]} 16. Nd5 {[%clk 0:56:35]} Bxb2
{[%clk 1:00:55]} 17. Rb1 {[%clk 0:52:14]} Be5 {[%clk 0:58:53]} 18. Ne7
{[%clk 0:51:35]} Kg7 {[%clk 0:45:07]} 19. Bc4 {[%clk 0:47:42]} Kf6
{[%clk 0:36:11]} 20. Nxc8 {[%clk 0:33:54]} Rxc8 {[%clk 0:36:20]} 21. Rxb7
{[%clk 0:33:47]} Nc6 {[%clk 0:34:27]} 22. Rb5 {[%clk 0:31:46]} Bxg3
{[%clk 0:30:27]} 23. fxg3 {[%clk 0:32:05]} Rab8 {[%clk 0:30:14]} 24. Rxb8
{[%clk 0:29:07]} Rxb8 {[%clk 0:30:33]} 25. O-O {[%clk 0:29:33]} Na5
{[%clk 0:28:56]} 26. Bb3 {[%clk 0:25:38]} Rd8 {[%clk 0:24:56]} 27. Rf2
{[%clk 0:21:54]} c5 {[%clk 0:22:39]} 28. Kf1 {[%clk 0:19:52]} c4 {[%clk 0:22:10]}
29. Ba4 {[%clk 0:20:10]} c3 {[%clk 0:19:54]} 30. Bb5 {[%clk 0:14:58]} Ke5
{[%clk 0:18:18]} 31. Ke1 {[%clk 0:14:58]} Rd6 {[%clk 0:16:21]} 32. h5
{[%clk 0:12:14]} a6 {[%clk 0:14:44]} 33. Be8 {[%clk 0:12:21]} Nc4
{[%clk 0:14:04]} 34. Re2 {[%clk 0:12:06]} Rb6 {[%clk 0:13:43]} 35. Bf7
{[%clk 0:11:19]} Rb1+ {[%clk 0:14:06]} 36. Kf2 {[%clk 0:11:44]} Nb2
{[%clk 0:10:26]} 37. Re1 {[%clk 0:11:36]} Nd3+ {[%clk 0:08:09]} 0-1

[Event "IMP Kobiet do lat 20"]
[Site "Chotowa"]
[Date "2023.10.31"]
[Round "3.4"]
[White "Hertlein, Irena"]
[Black "Gaszka, Zuzanna"]
[Result "1-0"]
[BlackElo "1758"]
[WhiteElo "1952"]
[LiveChessVersion "1.4.8"]

1. e4 {[%clk 1:30:56]} c6 {[%clk 1:30:54]} 2. d4 {[%clk 1:30:57]} d5
{[%clk 1:31:18]} 3. e5 {[%clk 1:30:48]} Bf5 {[%clk 1:31:33]} 4. h4
{[%clk 1:31:06]} h5 {[%clk 1:31:45]} 5. c4 {[%clk 1:31:19]} dxc4 {[%clk 1:29:03]}
6. Bxc4 {[%clk 1:31:21]} e6 {[%clk 1:29:11]} 7. Nc3 {[%clk 1:27:16]} Ne7
{[%clk 1:25:22]} 8. Bg5 {[%clk 1:16:39]} Qb6 {[%clk 1:21:24]} 9. Qd2
{[%clk 1:16:26]} Nd7 {[%clk 1:01:51]} 10. Nge2 {[%clk 1:10:23]} Nd5
{[%clk 0:57:54]} 11. a3 {[%clk 1:08:12]} Nxc3 {[%clk 0:52:59]} 12. bxc3
{[%clk 1:06:03]} Qc7 {[%clk 0:51:59]} 13. Ng3 {[%clk 1:03:42]} Bg6
{[%clk 0:49:27]} 14. Bd3 {[%clk 1:02:45]} Bxd3 {[%clk 0:49:22]} 15. Qxd3
{[%clk 1:03:14]} c5 {[%clk 0:47:04]} 16. O-O {[%clk 1:01:28]} c4 {[%clk 0:43:53]}
17. Qe2 {[%clk 0:57:17]} Nb6 {[%clk 0:39:53]} 18. Nxh5 {[%clk 0:52:36]} Nd5
{[%clk 0:39:11]} 19. Rfc1 {[%clk 0:52:07]} Rh7 {[%clk 0:33:39]} 20. Qg4
{[%clk 0:38:33]} Be7 {[%clk 0:31:34]} 21. Nf4 {[%clk 0:38:03]} Nxf4
{[%clk 0:28:06]} 22. Qxf4 {[%clk 0:38:13]} Bxg5 {[%clk 0:23:34]} 23. Qxg5
{[%clk 0:38:36]} Qe7 {[%clk 0:23:20]} 24. Qxe7+ {[%clk 0:27:13]} Kxe7
{[%clk 0:23:44]} 25. Rab1 {[%clk 0:27:21]} b6 {[%clk 0:23:43]} 26. g3
{[%clk 0:26:53]} Rh5 {[%clk 0:12:28]} 27. Kg2 {[%clk 0:22:42]} f6
{[%clk 0:08:26]} 28. f4 {[%clk 0:20:02]} fxe5 {[%clk 0:07:55]} 29. dxe5
{[%clk 0:18:34]} Rhh8 {[%clk 0:07:29]} 30. Rd1 {[%clk 0:15:38]} Rhd8
{[%clk 0:06:39]} 31. Kf3 {[%clk 0:11:31]} Rac8 {[%clk 0:06:03]} 32. Ke4
{[%clk 0:10:59]} g6 {[%clk 0:05:22]} 33. Rd4 {[%clk 0:08:20]} Rc5
{[%clk 0:04:26]} 34. a4 {[%clk 0:06:11]} Rdc8 {[%clk 0:01:52]} 35. Rbd1
{[%clk 0:04:22]} R8c7 {[%clk 0:01:50]} 36. Rd8 {[%clk 0:04:15]} Ra5
{[%clk 0:01:41]} 37. Rh8 {[%clk 0:04:21]} Rc6 {[%clk 0:01:27]} 38. Rh7+
{[%clk 0:03:53]} Ke8 {[%clk 0:01:52]} 39. Rdd7 {[%clk 0:03:44]} Rxa4
{[%clk 0:01:55]} 40. Rb7 {[%clk 0:33:42]} Rc8 {[%clk 0:32:02]} 41. Rh8#
{[%clk 0:34:06]} 1-0

[Event "IMP Kobiet do lat 20"]
[Site "Chotowa"]
[Date "2023.10.31"]
[Round "3.5"]
[White "Bukala, Weronika"]
[Black "Waszczuk, Patrycja"]
[Result "0-1"]
[BlackElo "2248"]
[WhiteElo "1917"]
[LiveChessVersion "1.4.8"]

1. e4 {[%clk 1:29:17]} d5 {[%clk 1:30:59]} 2. exd5 {[%clk 1:29:38]} Qxd5
{[%clk 1:31:25]} 3. Nc3 {[%clk 1:29:37]} Qd6 {[%clk 1:31:51]} 4. d4
{[%clk 1:27:56]} Nf6 {[%clk 1:32:16]} 5. g3 {[%clk 1:26:05]} c6 {[%clk 1:32:16]}
6. Bg2 {[%clk 1:25:51]} Bf5 {[%clk 1:29:08]} 7. Nge2 {[%clk 1:19:42]} e6
{[%clk 1:28:15]} 8. O-O {[%clk 1:19:51]} Qc7 {[%clk 1:25:09]} 9. Re1
{[%clk 1:14:35]} Be7 {[%clk 1:08:41]} 10. Bf4 {[%clk 1:12:20]} Qd8
{[%clk 1:07:38]} 11. h3 {[%clk 1:11:02]} O-O {[%clk 1:07:42]} 12. g4
{[%clk 1:10:01]} Bg6 {[%clk 1:07:27]} 13. Ng3 {[%clk 1:08:01]} Nbd7
{[%clk 1:03:18]} 14. h4 {[%clk 0:50:53]} h6 {[%clk 1:02:48]} 15. g5
{[%clk 0:48:04]} hxg5 {[%clk 1:02:32]} 16. Bxg5 {[%clk 0:48:20]} Nd5
{[%clk 0:55:19]} 17. Nce4 {[%clk 0:40:52]} Bxe4 {[%clk 0:48:18]} 18. Nxe4
{[%clk 0:39:22]} f5 {[%clk 0:47:54]} 19. Bxe7 {[%clk 0:38:36]} Qxe7
{[%clk 0:48:18]} 20. Ng5 {[%clk 0:37:22]} Rf6 {[%clk 0:48:42]} 21. Bxd5
{[%clk 0:27:36]} cxd5 {[%clk 0:49:08]} 22. Qf3 {[%clk 0:26:12]} Qd6
{[%clk 0:43:53]} 23. Qh5 {[%clk 0:21:08]} Nf8 {[%clk 0:43:20]} 24. Re5
{[%clk 0:14:46]} Qc7 {[%clk 0:25:01]} 25. Qe2 {[%clk 0:09:54]} Rh6
{[%clk 0:23:20]} 26. Nf3 {[%clk 0:10:02]} Qf7 {[%clk 0:21:18]} 27. Re3
{[%clk 0:07:20]} Ng6 {[%clk 0:15:04]} 28. Ng5 {[%clk 0:06:40]} Qd7
{[%clk 0:09:48]} 29. Nxe6 {[%clk 0:05:40]} Nxh4 {[%clk 0:06:02]} 30. Nf4
{[%clk 0:04:44]} Qd6 {[%clk 0:04:40]} 31. Re5 {[%clk 0:04:01]} Ng6
{[%clk 0:02:39]} 32. Nxg6 {[%clk 0:04:25]} Qxg6+ {[%clk 0:03:04]} 0-1

[Event "IMP Kobiet do lat 20"]
[Site "Chotowa"]
[Date "2023.10.31"]
[Round "3.6"]
[White "Jarocka, Liwia"]
[Black "Woytitzki, Sophie"]
[Result "1-0"]
[BlackElo "1259"]
[WhiteElo "2208"]
[LiveChessVersion "1.4.8"]

1. c4 {[%clk 1:30:54]} e6 {[%clk 1:30:53]} 2. Nf3 {[%clk 1:31:05]} d5 3. d4
{[%clk 1:30:45]} Nf6 {[%clk 1:31:26]} 4. Nc3 {[%clk 1:30:53]} Be7 5. Bf4
{[%clk 1:31:03]} O-O {[%clk 1:32:05]} 6. e3 {[%clk 1:31:23]} b6 {[%clk 1:32:26]}
7. Qc2 {[%clk 1:29:21]} Bb7 {[%clk 1:32:43]} 8. cxd5 {[%clk 1:28:50]} Nxd5
{[%clk 1:30:05]} 9. Nxd5 {[%clk 1:27:34]} Qxd5 {[%clk 1:28:15]} 10. Bd3
{[%clk 1:26:02]} Qa5+ {[%clk 1:26:20]} 11. Ke2 {[%clk 1:25:57]} Ba6
{[%clk 1:25:03]} 12. Rhd1 {[%clk 1:24:39]} c5 {[%clk 1:24:08]} 13. Kf1
{[%clk 1:21:02]} Nd7 {[%clk 1:23:07]} 14. Kg1 {[%clk 1:19:25]} Bxd3
{[%clk 1:22:06]} 15. Qxd3 {[%clk 1:19:51]} Rac8 {[%clk 1:20:52]} 16. a3
{[%clk 1:16:53]} c4 {[%clk 1:18:14]} 17. Qc2 {[%clk 1:16:01]} b5 18. e4 Qa4
{[%clk 1:06:39]} 19. Qxa4 {[%clk 1:15:15]} bxa4 {[%clk 1:07:03]} 20. Rdc1
{[%clk 1:14:58]} Nb6 {[%clk 1:06:18]} 21. Rc3 {[%clk 1:14:14]} h6
{[%clk 1:04:51]} 22. Rac1 {[%clk 1:10:12]} Rfd8 {[%clk 1:03:54]} 23. Be3
{[%clk 1:09:32]} f6 {[%clk 1:02:32]} 24. Nd2 {[%clk 1:09:36]} e5 {[%clk 1:01:49]}
25. d5 {[%clk 1:07:37]} Bc5 {[%clk 1:00:48]} 26. Nxc4 {[%clk 1:05:56]} Bxe3
{[%clk 0:59:25]} 27. fxe3 {[%clk 1:02:35]} Rb8 {[%clk 0:56:48]} 28. Na5
{[%clk 1:02:26]} Re8 {[%clk 0:51:09]} 29. g4 {[%clk 1:00:36]} Kh8
{[%clk 0:51:04]} 30. Kg2 {[%clk 1:00:30]} Kh7 {[%clk 0:49:00]} 31. R1c2
{[%clk 0:59:38]} Kg6 {[%clk 0:48:03]} 32. Rc7 {[%clk 0:59:21]} Rbc8
{[%clk 0:47:57]} 33. Kg3 {[%clk 0:58:41]} Rxc7 {[%clk 0:33:55]} 34. Rxc7
{[%clk 0:59:09]} Nc8 {[%clk 0:34:18]} 35. Nc6 {[%clk 0:59:07]} a6
{[%clk 0:34:12]} 36. Rxc8 {[%clk 0:59:10]} Rxc8 {[%clk 0:34:21]} 37. Ne7+
{[%clk 0:59:36]} Kf7 {[%clk 0:34:45]} 38. Nxc8 {[%clk 1:00:27]} Ke8
{[%clk 0:34:42]} 39. Nb6 {[%clk 1:30:52]} Kd8 {[%clk 0:35:01]} 40. Nxa4
{[%clk 1:31:16]} Kc7 {[%clk 1:05:13]} 41. Nc5 {[%clk 1:31:28]} Kb6
{[%clk 1:05:33]} 42. Nxa6 Kxa6 43. b4 {[%clk 1:31:54]} Kb6 {[%clk 1:05:58]} 44.
a4 {[%clk 1:32:20]} g6 45. h3 g5 {[%clk 1:06:23]} 46. Kf3 {[%clk 1:33:02]} Ka6
{[%clk 1:06:34]} 47. a5 {[%clk 1:33:25]} Kb5 {[%clk 1:06:55]} 48. d6
{[%clk 1:33:39]} Kc6 {[%clk 1:07:12]} 49. a6 {[%clk 1:34:05]} Kxd6
{[%clk 1:07:34]} 50. a7 {[%clk 1:34:29]} Kc7 {[%clk 1:07:57]} 51. a8=Q
{[%clk 1:34:53]} Kb6 {[%clk 1:08:25]} 52. Qa5+ {[%clk 1:35:11]} Kb7
{[%clk 1:08:48]} 53. b5 {[%clk 1:35:34]} Kc8 {[%clk 1:09:08]} 54. Qa7
{[%clk 1:35:57]} Kd8 {[%clk 1:09:33]} 55. b6 {[%clk 1:36:21]} h5 {[%clk 1:09:51]}
56. b7 {[%clk 1:36:38]} hxg4+ {[%clk 1:10:12]} 57. Ke2 {[%clk 1:37:04]} gxh3
{[%clk 1:10:35]} 58. b8=R# 1-0